| 000 | 01006nam a22002657a 4500 | ||
|---|---|---|---|
| 005 | 20240530110947.0 | ||
| 008 | 221114s 2021ua ab g b 000 0 ara d | ||
| 017 |
_a3408/2021 _bمصر. دار الكتب |
||
| 020 | _a9789773196349 | ||
| 040 |
_aEG-CaGPL _cEG-CaGPL |
||
| 082 | 0 | 4 |
_221 _a327.16 _bن إ |
| 100 | 0 | _aنجلاء مرعى | |
| 245 | 1 | 2 |
_aالامن المائى العربى : _bالتهديدات واليات المواجهة / _cنجلاء مرعى |
| 250 | _aط.1 | ||
| 260 |
_aالقاهرة : _bالعربى للنشر و التوزيع، _c2021. |
||
| 300 |
_a296 ص. : _bايض ؛ _c24 سم. |
||
| 504 | _aيشتمل على ارجاعات ببليوجرافية | ||
| 650 | 0 | 7 |
_2qrmak _aالامن المائى |
| 650 | 0 | 7 |
_2qrmak _aمصادر المياه |
| 650 | 0 | 7 |
_2qrmak _aاستهلاك المياه |
| 650 | 0 | 7 |
_2qrmak _aالمياه _xترشيح |
| 650 | 0 | 7 |
_2qrmak _aالمياه _xاستخراج |
| 942 |
_2ddc _cBK |
||
| 999 |
_c66918 _d66918 |
||